Minami Manshū kōgyō jijō.
Saved in:
| Corporate Author: | |
|---|---|
| Other Authors: | |
| Format: | Book |
| Language: | Japanese |
| Published: |
[Dairen] :
Minami Manshū Tetsudō Kabushiki Kaisha Shomubu Chōsaka,
[Shōwa 3-4 i.e. 1928-1929; v. 1, 1929]
|
| Series: | Panfuretto (Minami Manshū Tetsudō Kabushiki Kaisha. Chōsaka) ;
dai 29-gō, etc. |
| Subjects: | |
| Tags: |
Add Tag
No Tags, Be the first to tag this record!
|
| LEADER | 01768nam a2200373ui 4500 | ||
|---|---|---|---|
| 001 | 007768046-4 | ||
| 005 | 20024617122053.0 | ||
| 008 | 980418m19281929cc 000 0 jpn d | ||
| 035 | 0 | |a ocm38978109 | |
| 040 | |d CStRLIN | ||
| 110 | 2 | |6 880-01 |a Minami Manshū Tetsudō Kabushiki Kaisha. |b Chōsaka. | |
| 245 | 1 | 0 | |6 880-02 |a Minami Manshū kōgyō jijō. |
| 260 | |6 880-03 |a [Dairen] : |b Minami Manshū Tetsudō Kabushiki Kaisha Shomubu Chōsaka, |c [Shōwa 3-4 i.e. 1928-1929; v. 1, 1929] | ||
| 300 | |a 2 v. ; |c 23 cm. | ||
| 490 | 1 | |6 880-04 |a Panfuretto ; |v dai 29, 41-gō | |
| 500 | |a Cover title. | ||
| 500 | |6 880-05 |a Vol. 2 has title: Zoku Minami Manshū kōgyō jijō. | ||
| 500 | |6 880-06 |a Hon chōsa no tantōsha wa kain Abe Isamu de aru. | ||
| 500 | |6 880-07 |a In colophon: Hakkōjo Minami Manshū Tetsudō Kabushiki Kaisha. | ||
| 651 | 0 | |a Manchuria (China) |x Industries. | |
| 650 | 0 | |a Small business |z China |z Manchuria. | |
| 700 | 1 | |6 880-08 |a Abe, Isamu, |d 1902- | |
| 880 | 2 | |6 110-01 |a 南滿洲鐵道株式會社. |b 庶務部. |b 調查課. | |
| 880 | 1 | 0 | |6 245-02 |a 南滿洲工業事情. |
| 880 | |6 260-03 |a [大連] : |b 南滿洲鐵道株式會社庶務部調查課, |c [昭和3-4 i.e. 1928-1929; v. 1, 1929] | ||
| 880 | 1 | |6 490-04 |a パンフレット ; |v 第29, 41號 | |
| 880 | |6 500-05 |a Vol. 2 has title: 續南滿洲工業事情. | ||
| 880 | |6 500-06 |a 本調查の擔當者は阿部勇である. | ||
| 880 | |6 500-07 |a In colophon: 發行所南滿洲鐵道株式會社. | ||
| 880 | 1 | |6 700-08 |a 阿部勇, |d 1902- | |
| 830 | 0 | |6 880-09 |a Panfuretto (Minami Manshū Tetsudō Kabushiki Kaisha. Chōsaka) ; |v dai 29-gō, etc. | |
| 880 | 0 | |6 830-09 |a パンフレット (Minami Manshū Tetsudō Kabushiki Kaisha. Chōsaka) ; |v 第29號, etc. | |
| 988 | |a 20021221 | ||
| 906 | |0 MH | ||


